| 000 | 00460nam a22001937a 4500 | ||
|---|---|---|---|
| 003 | MPLRDC | ||
| 005 | 20220104143656.0 | ||
| 008 | 210129b ||||| |||| 00| 0 eng d | ||
| 020 | _a957-538-304-4 | ||
| 082 | _a911 ZRP-2 | ||
| 100 | _a周茹萍编译 | ||
| 245 |
_a音乐基本乐理 _c |
||
| 250 | _a初版 | ||
| 260 |
_a _b信宏出版社 _c2000 |
||
| 300 | _b平 | ||
| 490 | _a音乐. 9 | ||
| 650 | _a乐理及音乐技巧 | ||
| 942 |
_cBK _o911 ZRP-2 |
||
| 999 |
_c42230 _d42220 |
||